Việt Nam thi nhân tiền chiến /

Những bài bình về những bài thơ của các nhà thơ thời tiền chiến; Những bài thơ tiêu biểu của các nhà thơ Tản Đà, Nguyễn Bính ….

Wedi'i Gadw mewn:
Manylion Llyfryddiaeth
Prif Awdur: Nguyễn Tấn Long.
Fformat: Llyfr
Iaith:Vietnamese
Cyhoeddwyd: Tp.HCM : Văn học, 2000.
Pynciau:
Tagiau: Ychwanegu Tag
Dim Tagiau, Byddwch y cyntaf i dagio'r cofnod hwn!
Thư viện lưu trữ: Mạng thư viện Đại học Đà Nẵng
LEADER 01165cam a2200385 i 4500
001 000042329
003 203
005 20041029080511.0
008 010217b2000 vm 000 vie
020 |c 230000 
022 |a T 
040 |a IRC  |c IRC  |d IRC 
041 0 |a vie 
082 1 4 |a 895.92132  |b NG-L 
100 1 |a Nguyễn Tấn Long. 
245 1 0 |a Việt Nam thi nhân tiền chiến /  |c Nguyễn Tấn Long. 
260 |a Tp.HCM :  |b Văn học,  |c 2000. 
300 |a 1685 tr. ;  |c 24 cm. 
520 3 |a Những bài bình về những bài thơ của các nhà thơ thời tiền chiến; Những bài thơ tiêu biểu của các nhà thơ Tản Đà, Nguyễn Bính …. 
630 0 4 |a Văn học. 
630 0 4 |a Việt Nam thi nhân tiền chiến. 
630 0 4 |a Văn học Việt. 
650 0 4 |a Thi nhân tiền chiến  |z Việt Nam. 
650 0 4 |a Thi ca Việt. 
650 0 4 |a Văn học Việt  |x Phê bình. 
OWN |a DUT 
999 |a From the UDN01 
TYP |a Monograph 
TYP |a Printed language 
980 |a Mạng thư viện Đại học Đà Nẵng